Classics of public administration (Record no. 1537)

MARC details
000 -LEADER
fixed length control field 01179nam a2200157Ia 4500
005 - DATE AND TIME OF LATEST TRANSACTION
control field 20250117103527.0
008 - FIXED-LENGTH DATA ELEMENTS--GENERAL INFORMATION
fixed length control field 250117s9999 xx 000 0 und d
020 ## - INTERNATIONAL STANDARD BOOK NUMBER
International Standard Book Number 9781111342746
082 ## - DEWEY DECIMAL CLASSIFICATION NUMBER
Classification number 352SHA
245 #0 - TITLE STATEMENT
Title Classics of public administration
250 ## - EDITION STATEMENT
Edition statement 7th ed.
300 ## - PHYSICAL DESCRIPTION
Extent xii, 641 p. : ill. ; 23 cm.
500 ## - GENERAL NOTE
General note Includes bibliographic references.
520 ## - SUMMARY, ETC.
Summary, etc. With this new seventh edition of CLASSICS OF PUBLIC ADMINISTRATION, authors Jay M. Shafritz and Albert C. Hyde aim to introduce students to the principles of public administration via the most significant scholarly writings on the topic. Straightforward and informative, this text begins its discussion with Woodrow Wilson and continues to today's political scientists. A new Section V, "Public Administration in a New Century," is dedicated to writing and thinking from the 21st century. This edition includes six new readings and addresses the key fields of public administration: bureaucracy, organization theory, human resources management, the budgetary process, public policy, implementation, evaluation, intergovernmental relations, and public service ethics.
650 ## - SUBJECT ADDED ENTRY--TOPICAL TERM
Topical term or geographic name entry element Public administration.
Holdings
Withdrawn status Lost status Damaged status Not for loan Home library Current library Date acquired Total checkouts Full call number Barcode Date last seen Price effective from Koha item type
        UONGOZI Institute Resources Centre - Dar es Salaam UONGOZI Institute Resources Centre - Dar es Salaam 01/17/2025   352SHA 001552 01/31/2025 01/17/2025 Book